000 nam a22 a 4500
999 _c4727
_d4727
003 AKMAL
005 20170801103053.0
008 17 s2017 my | e l f000 0 may d
082 0 4 _a344.595092 MAL
_222
090 0 0 _a344.595092
_bMAL
110 1 _aMalaysia
_9400
245 1 0 _aAkta Arkib Negara, 2003 :
_bNational Archivies Act 2003
246 3 1 _aNational Archives Act 2003
260 _aKuala Lumpur :
_bMDC Publishers Sdn. Bhd,
_c2017
300 _a25ms. ;
_c30cm.
546 _a Inggeris
650 1 0 _aArchives
_xLaw and legislation
_zMalaysia
_98503
942 _2ddc
_cBOOK